Indian Historiography: (Record no. 192190)

MARC details
000 -LEADER
fixed length control field 00647nam a22002057a 4500
005 - DATE AND TIME OF LATEST TRANSACTION
control field 20250409145348.0
010 ## - LCCN (DPL NO)
LC control number ENG-144588
020 ## - INTERNATIONAL STANDARD BOOK NUMBER
International Standard Book Number 9789382710035
Terms of availability 325.00
035 ## - SYSTEM CONTROL NUMBER
System control number EN-128120
037 ## - SOURCE OF ACQUISITION
Source of stock number/acquisition DBAD
082 ## - DEWEY DECIMAL CLASSIFICATION NUMBER
Classification number 954.0072
245 ## - TITLE STATEMENT
Title Indian Historiography:
Statement of responsibility, etc edited by Dilip Coomer Ghose [and] Ranjit Sen
Remainder of title An Analisis/
260 ## - PUBLICATION, DISTRIBUTION, ETC. (IMPRINT)
Place of publication, distribution, etc Kolkata
Name of publisher, distributor, etc Institute of Historical Studies
Date of publication, distribution, etc 2013
270 ## - ADDRESS
Address 8/1 Loudon Street,
City Kolkata
Postal code 700017
300 ## - PHYSICAL DESCRIPTION
Extent 238p.
Dimensions 22cm(Hb)
490 ## - SERIES STATEMENT
Volume number/sequential designation Vol 2
700 ## - ADDED ENTRY--PERSONAL NAME
Personal name Ghose, Dilip Coomer
Relator term Editor
9 (RLIN) 80519
700 ## - ADDED ENTRY--PERSONAL NAME
Personal name Sen, Ranjit
Relator term Editor
9 (RLIN) 80520
942 ## - ADDED ENTRY ELEMENTS (KOHA)
Source of classification or shelving scheme Dewey Decimal Classification
Item type English Books
Classification part 954.0072
Call number suffix IND
Holdings
Withdrawn status Lost status Materials specified (bound volume or other part) Not for loan Collection code Home library Current library Date acquired Source of acquisition Cost, normal purchase price Full call number Barcode Copy number Cost, replacement price Koha item type
    VOL-2   Non-fiction Patel Nagar Patel Nagar 09/04/2025 Delivery of Books Act Division 325.00 954.0072 IND EN-128120 1 325.00 English Books

© Delhi Public Library
Hit Counter
free hit counter